| 000 | 01183nam a2200277 a 4500 | ||
|---|---|---|---|
| 001 | 000039414 | ||
| 003 | DO-SdBNP | ||
| 005 | 20250123131622.0 | ||
| 007 | ta | ||
| 008 | 130626s1995 dr 000 0 spa d | ||
| 040 |
_aDO-SdBNP _bspa _cBNPHU _erda |
||
| 082 | 4 |
_bN964 _222 |
|
| 245 | 0 | 0 |
_aNuevo orden mundial y educación / _cPresentación, Rocío Hernández Mella. |
| 264 |
_aSanto Domingo : _bImpretur, _c1995 |
||
| 300 |
_a49 páginas ; _c21 cm. |
||
| 336 |
_2rdacontent _atexto _btxt |
||
| 337 |
_2rdamedia _asin mediación _bn |
||
| 338 |
_2rdacarrier _avolumen _bnc |
||
| 490 | 0 |
_aPlan educativo ; _v28 |
|
| 505 |
_aPresentación. _tPerspectivas de una Estrategia Revolucionaria en el Mundo y la Educación. / _rJosé Antinoe Fiallo Billini.-- _tEducación y Nuevo Orden Internacional; algunas reflexiones iniciales. / _rMarcos Villamán P.-- _tEl Nuevo Orden Global y la Educación. / _rFrederic Emam-Zadé Gerardino.-- _tResumen de discusión. |
||
| 590 | _aInventariado 2024 / MF | ||
| 650 | 4 |
_aAntropología de la Educación _937192 |
|
| 650 | 4 |
_aEducación _xEnsayos, Conferencias, Etc. _931150 |
|
| 700 | 1 |
_aHernández Mella, Rocio _epresentación _912263 |
|
| 942 |
_2ddc _cLF2 |
||
| 999 |
_c38904 _d38904 |
||